Utwory Adama Mickiewicza - nagła śmierć - Statystyki

Ogólne statystyki
  • Ten quiz został rozwiązany 9 208 razy
  • Średni wynik to 5 z 10
Answers on the Grid
Answers color-coded by a green-red scale on the quiz's grid according to % correct below.
,,Potop''
,,Powrót Taty''
,,Lalka''
,,Kordian''
,,Dziady''
,,Konrad Wallenrod''
,,Faust''
,,Wesele''
,,Pan Tadeusz''
,,Hymn do miłości Ojczyzny''
,,Sonety Krymskie''
,,Hamlet''
,,Pan Mateusz''
,,Oda do młodości''
,,Konfederaci barscy''
,,Cierpienia młodego Wertera''
,,Ballady i romanse''
Tren IX
Liryki Lozańskie
,,Grażyna''
 
Statystyki odpowiedzi
Odpowiedź % Poprawnych
,,Dziady''
89%
,,Pan Tadeusz''
88%
,,Sonety Krymskie''
63%
,,Ballady i romanse''
62%
,,Konrad Wallenrod''
57%
,,Oda do młodości''
54%
,,Powrót Taty''
44%
,,Grażyna''
37%
Liryki Lozańskie
32%
,,Konfederaci barscy''
20%
Nie znaleziono quizów pasujących do podanych kryteriów
Rozkład punktacji
Procent ludzi z każdym wynikiem
Percentyl według liczby udzielonych odpowiedzi
Twoja historia wyników
Nie rozwiązałeś tego quizu